[Event "World Corporate East B"]
[Site "Chess.com INT"]
[Date "2021.02.20"]
[Round "4.11"]
[White "Kostic, Stefan"]
[Black "Isakov, Andrey"]
[Result "1-0"]
[WhiteElo "1944"]
[BlackElo "2183"]
[PlyCount "65"]
[EventDate "2021.02.19"]
[EventType "team (rapid)"]
[EventRounds "7"]
[EventCountry "USA"]
[SourceTitle "EXT 2022"]
[Source "ChessBase"]
[SourceDate "2021.10.06"]
[SourceVersion "1"]
[SourceVersionDate "2021.10.06"]
[SourceQuality "1"]
[WhiteTeam "Continental Automotive"]
[BlackTeam "MTS"]
[WhiteTeamCountry "SRB"]
[BlackTeamCountry "RUS"]

1. e4 e6 2. d4 d5 3. Nd2 Nf6 4. e5 Nfd7 5. Bd3 c5 6. c3 Nc6 7. Ne2 Be7 8. 0-0 0-0 9. f4 f6 10. Nf3 a6 11. Be3 Qb6 12. Qc2 f5 13. b3 cxd4 14. Nexd4 Nxd4 15. Nxd4 Nc5 16. Nxf5 exf5 17. b4 Qc7 18. bxc5 Bxc5 19. Bxc5 Qxc5+ 20. Kh1 Be6 21. Rab1 b5 22. a4 Rab8 23. axb5 axb5 24. Rb4 g6 25. Rfb1 Bd7 26. c4 Rfc8 27. Qb2 dxc4 28. Bxc4+ Kf8 29. e6 Bc6 30. Qh8+ Ke7 31. Qg7+ Kd6 32. Rd1+ Bd5 33. Qd7# 1-0

[Event "World Corporate East B"]
[Site "Chess.com INT"]
[Date "2021.02.19"]
[Round "2.10"]
[White "Pandey, Shourya"]
[Black "Isakov, Andrey"]
[Result "1-0"]
[WhiteElo "1585"]
[BlackElo "2183"]
[PlyCount "101"]
[EventDate "2021.02.19"]
[EventType "team (rapid)"]
[EventRounds "7"]
[EventCountry "USA"]
[SourceTitle "EXT 2022"]
[Source "ChessBase"]
[SourceDate "2021.10.06"]
[SourceVersion "1"]
[SourceVersionDate "2021.10.06"]
[SourceQuality "1"]
[WhiteTeam "Google Bangalore"]
[BlackTeam "MTS"]
[WhiteTeamCountry "IND"]
[BlackTeamCountry "RUS"]

1. Nf3 d5 2. d4 Nf6 3. c4 c6 4. Nc3 a6 5. cxd5 Nxd5 6. e4 Nf6 7. Bd3 Bg4 8. Be3 e6 9. 0-0 Be7 10. Be2 0-0 11. Qc2 Nbd7 12. Rad1 Qc7 13. e5 Nd5 14. Nxd5 exd5 15. Ng5 Bxg5 16. Bxg4 Bxe3 17. fxe3 Rae8 18. Rf3 Nb6 19. Rdf1 Nc4 20. b3 Na3 21. Qf5 g6 22. Qf6 Qe7 23. e6 Qxf6 24. Rxf6 fxe6 25. Bxe6+ Kg7 26. Rxf8 Rxf8 27. Rxf8 Kxf8 28. Bc8 b6 29. Bxa6 c5 30. Kf2 Ke7 31. Ke2 Nc2 32. Bb7 Kd6 33. Kd2 Na3 34. Ba6 Kc6 35. Bd3 b5 36. dxc5 Kxc5 37. Kc3 b4+ 38. Kd2 Kd6 39. Ke2 Ke5 40. Kf3 d4 41. e4 h5 42. g4 Kf6 43. gxh5 gxh5 44. Kf4 Ke6 45. e5 h4 46. Ke4 h3 47. Kxd4 Ke7 48. Kc5 Ke6 49. Kxb4 Kxe5 50. Kxa3 Kd6 51. Bf5 1-0

[Event "Chigorin Memorial 23rd"]
[Site "St Petersburg"]
[Date "2015.10.11"]
[Round "9"]
[White "Isakov, Andrey"]
[Black "Khusenkhojaev, Mustafokhuja"]
[Result "1/2-1/2"]
[WhiteElo "2286"]
[BlackElo "2092"]
[PlyCount "116"]
[EventDate "2015.10.03"]
[EventType "swiss"]
[EventRounds "9"]
[EventCountry "RUS"]
[SourceTitle "CBM 168 Extra"]
[Source "ChessBase"]
[SourceDate "2015.10.29"]
[SourceVersion "1"]
[SourceVersionDate "2015.10.29"]
[SourceQuality "1"]

1. e4 e5 2. Nf3 Nc6 3. Bb5 a6 4. Ba4 Nf6 5. d3 b5 6. Bb3 Be7 7. a4 b4 8. a5 0-0 9. 0-0 d6 10. Nbd2 Be6 11. Nc4 h6 12. Ba4 Nb8 13. Qe1 Nbd7 14. Bc6 Rb8 15. Be3 d5 16. exd5 Bxd5 17. Bxd5 Nxd5 18. Nfxe5 Nxe5 19. Nxe5 Qd6 20. Nc4 Qg6 21. Qd1 Rfd8 22. b3 Bf6 23. Rc1 Rb5 24. Qf3 Nc3 25. Rce1 Rh5 26. Bd2 Nb5 27. Qe4 Nd4 28. Qxg6 fxg6 29. Ne3 Rxa5 30. Bxb4 Ra2 31. Ng4 Nxc2 32. Nxf6+ gxf6 33. Be7 Re8 34. Re6 Kf7 35. Rxf6+ Kxe7 36. Rxg6 Rd8 37. f4 Rxd3 38. f5 Ra1 39. f6+ Kf8 40. Rxh6 Rxf1+ 41. Kxf1 Rxb3 42. Kf2 Ne3 43. h3 Nf5 44. Rh7 c5 45. g4 Ng3 46. Re7 c4 47. g5 Nf5 48. Rc7 Nd6 49. g6 Ne4+ 50. Ke2 Nxf6 51. Rf7+ Kg8 52. Rxf6 Rxh3 53. Rxa6 Kg7 54. Kd2 c3+ 55. Kc2 Rg3 56. Rc6 Rg1 57. Rc8 Rg2+ 58. Kxc3 Rxg6 1/2-1/2

[Event "Chigorin Memorial 23rd"]
[Site "St Petersburg"]
[Date "2015.10.09"]
[Round "7"]
[White "Isakov, Andrey"]
[Black "Kopylov, Yuriy"]
[Result "1-0"]
[WhiteElo "2286"]
[BlackElo "2088"]
[PlyCount "51"]
[EventDate "2015.10.03"]
[EventType "swiss"]
[EventRounds "9"]
[EventCountry "RUS"]
[SourceTitle "CBM 168 Extra"]
[Source "ChessBase"]
[SourceDate "2015.10.29"]
[SourceVersion "1"]
[SourceVersionDate "2015.10.29"]
[SourceQuality "1"]

1. e4 c5 2. Nf3 Nc6 3. Bb5 g6 4. 0-0 Bg7 5. c3 Qb6 6. Na3 a6 7. Ba4 Qc7 8. d4 b5 9. Bb3 c4 10. Bc2 d6 11. Re1 e5 12. b3 cxb3 13. axb3 Nge7 14. dxe5 Nxe5 15. Nxb5 axb5 16. Rxa8 Nxf3+ 17. Qxf3 Bxc3 18. Rd1 0-0 19. Bh6 Bg7 20. Bxg7 Kxg7 21. Qd3 Kg8 22. Bb1 b4 23. Qxd6 Qb7 24. Rb8 Qa7 25. Qxb4 Qc7 26. Qd6 1-0

[Event "Chigorin Memorial 23rd"]
[Site "St Petersburg"]
[Date "2015.10.07"]
[Round "5"]
[White "Malakhov, Igor"]
[Black "Isakov, Andrey"]
[Result "1-0"]
[WhiteElo "2438"]
[BlackElo "2286"]
[PlyCount "57"]
[EventDate "2015.10.03"]
[EventType "swiss"]
[EventRounds "9"]
[EventCountry "RUS"]
[SourceTitle "CBM 168 Extra"]
[Source "ChessBase"]
[SourceDate "2015.10.29"]
[SourceVersion "1"]
[SourceVersionDate "2015.10.29"]
[SourceQuality "1"]

1. e4 e5 2. Nf3 Nc6 3. Bc4 Nf6 4. Ng5 d5 5. exd5 Na5 6. d3 h6 7. Nf3 e4 8. Qe2 Nxc4 9. dxc4 Bd6 10. Nd4 0-0 11. Be3 c6 12. dxc6 bxc6 13. Nd2 Re8 14. h3 c5 15. Nb5 Be5 16. 0-0-0 Qe7 17. Nb3 Nd7 18. Qd2 Nb6 19. Bxc5 Qf6 20. Bd4 Nxc4 21. Qc3 Bxd4 22. Rxd4 Be6 23. Qg3 Rab8 24. Nc7 Rec8 25. Nxe6 Qxe6 26. Nc5 Qb6 27. Rxc4 Qxb2+ 28. Kd2 Rb5 29. Nd3 1-0

[Event "Chigorin Memorial 23rd"]
[Site "St Petersburg"]
[Date "2015.10.05"]
[Round "3"]
[White "Tishova, Svetlana"]
[Black "Isakov, Andrey"]
[Result "0-1"]
[WhiteElo "2058"]
[BlackElo "2286"]
[PlyCount "90"]
[EventDate "2015.10.03"]
[EventType "swiss"]
[EventRounds "9"]
[EventCountry "RUS"]
[SourceTitle "CBM 168 Extra"]
[Source "ChessBase"]
[SourceDate "2015.10.29"]
[SourceVersion "1"]
[SourceVersionDate "2015.10.29"]
[SourceQuality "1"]

1. e4 d6 2. d4 Nf6 3. Nc3 g6 4. Bg5 h6 5. Be3 Ng4 6. Bf4 Nc6 7. Nf3 Bg7 8. h3 e5 9. dxe5 Ngxe5 10. Nxe5 Nxe5 11. Qd2 Be6 12. Bb5+ c6 13. Be2 g5 14. Be3 Ng6 15. 0-0-0 Be5 16. g3 Qf6 17. Kb1 0-0 18. h4 g4 19. Bxh6 Rfe8 20. h5 Nf8 21. Rh4 Qxf2 22. Qg5+ Kh8 23. Rf1 Qd4 24. Bxf8 Rxf8 25. Qh6+ Kg8 26. Qg5+ Kh8 27. Bxg4 Bg7 28. Bf5 Qf6 29. Qxf6 Bxf6 30. Rhf4 Be5 31. R4f3 Bc4 32. Rg1 b5 33. b3 b4 34. bxc4 bxc3 35. Bd7 Rab8+ 36. Kc1 Rb2 37. Rgf1 Rxa2 38. Kd1 Rb8 39. Ke2 Rxc2+ 40. Ke3 Rbb2 41. Rxf7 Re2+ 42. Kf3 Rf2+ 43. Ke3 Rbe2+ 44. Kd3 Rd2+ 45. Ke3 Bd4# 0-1

[Event "Chigorin Memorial 23rd"]
[Site "St Petersburg"]
[Date "2015.10.04"]
[Round "2"]
[White "Isakov, Andrey"]
[Black "Timofeev, Artyom"]
[Result "0-1"]
[WhiteElo "2286"]
[BlackElo "2539"]
[PlyCount "84"]
[EventDate "2015.10.03"]
[EventType "swiss"]
[EventRounds "9"]
[EventCountry "RUS"]
[SourceTitle "CBM 168 Extra"]
[Source "ChessBase"]
[SourceDate "2015.10.29"]
[SourceVersion "1"]
[SourceVersionDate "2015.10.29"]
[SourceQuality "1"]

1. e4 c5 2. Nf3 Nc6 3. d4 cxd4 4. Nxd4 Nf6 5. Nc3 d6 6. g3 g6 7. Bg2 Nxd4 8. Qxd4 Bg7 9. Nd5 0-0 10. Nxf6+ Bxf6 11. Qd3 Qa5+ 12. c3 b6 13. Bd2 Ba6 14. Qe3 Rac8 15. Bf3 Qb5 16. Bc1 d5 17. e5 Bg7 18. h4 Rfd8 19. a4 Qd7 20. a5 Bc4 21. axb6 axb6 22. Qd4 Qe6 23. Bf4 f6 24. Be3 Qxe5 25. Qxe5 fxe5 26. Bxb6 Rf8 27. Bg4 Rb8 28. Bc5 Rxb2 29. Bxe7 Rfb8 30. Bd6 Rb1+ 31. Kd2 Rxh1 32. Rxh1 Rb2+ 33. Ke3 h5 34. Bd1 e4 35. Bb4 Bh6+ 36. f4 Rg2 37. Kd4 Rxg3 38. f5 gxf5 39. Bxh5 f4 40. Ra1 Bg7+ 41. Kc5 f3 42. Kc6 f2 0-1

[Event "Chigorin Memorial 22nd"]
[Site "St Petersburg"]
[Date "2014.10.24"]
[Round "7"]
[White "Isakov, Andrey"]
[Black "Pasiev, Rakhim"]
[Result "1/2-1/2"]
[WhiteElo "2258"]
[BlackElo "2393"]
[PlyCount "100"]
[EventDate "2014.10.18"]
[EventType "swiss"]
[EventRounds "9"]
[EventCountry "RUS"]
[SourceTitle "EXT 2015"]
[Source "ChessBase"]
[SourceDate "2014.11.20"]
[SourceVersion "1"]
[SourceVersionDate "2014.11.20"]
[SourceQuality "1"]

1. e4 e6 2. d4 d5 3. Nc3 Bb4 4. Nge2 dxe4 5. a3 Be7 6. Nxe4 Nf6 7. f3 b6 8. g3 Bb7 9. Bg2 Nbd7 10. 0-0 c5 11. Nxf6+ Bxf6 12. Be3 0-0 13. Qd2 Qe7 14. Rad1 Rfd8 15. c3 Rac8 16. Nf4 cxd4 17. cxd4 Ne5 18. Qe2 Nc4 19. Bf2 g6 20. Rc1 b5 21. a4 Bxd4 22. axb5 Bxf2+ 23. Rxf2 Qb4 24. Bf1 Nb6 25. Rxc8 Rxc8 26. Qe5 Bd5 27. h4 Bc4 28. h5 Qc5 29. Qxc5 Rxc5 30. Rc2 Rc8 31. hxg6 hxg6 32. Rc3 Kf8 33. Bxc4 Rxc4 34. Nd3 f6 35. Ra3 Rc7 36. Nb4 Rc5 37. Rxa7 Rxb5 38. Nd3 Nd5 39. Kf2 g5 40. Ra3 Kf7 41. Ke2 e5 42. Kd2 g4 43. fxg4 e4 44. Nf4 Rxb2+ 45. Kc1 Rb5 46. Ra7+ Kg8 47. Nxd5 Rxd5 48. Ra4 Rd3 49. Rxe4 Kf7 50. g5 fxg5 1/2-1/2

[Event "Chigorin Memorial 22nd"]
[Site "St Petersburg"]
[Date "2014.10.21"]
[Round "4"]
[White "Smirnov, Timofey"]
[Black "Isakov, Andrey"]
[Result "0-1"]
[WhiteElo "2419"]
[BlackElo "2258"]
[PlyCount "144"]
[EventDate "2014.10.18"]
[EventType "swiss"]
[EventRounds "9"]
[EventCountry "RUS"]
[SourceTitle "EXT 2015"]
[Source "ChessBase"]
[SourceDate "2014.11.20"]
[SourceVersion "1"]
[SourceVersionDate "2014.11.20"]
[SourceQuality "1"]

1. e4 e5 2. Nf3 Nc6 3. Bb5 a6 4. Ba4 Nf6 5. d3 d6 6. c3 Be7 7. h3 0-0 8. 0-0 Re8 9. Nbd2 Bf8 10. Re1 g6 11. Nf1 Bg7 12. Ng3 b5 13. Bb3 Na5 14. Bc2 c5 15. Be3 Qc7 16. Rc1 Be6 17. b3 h6 18. d4 Kh7 19. Qd2 Rac8 20. d5 Bd7 21. Nh2 c4 22. b4 Nb7 23. f4 a5 24. a3 Ra8 25. f5 g5 26. Qe2 axb4 27. axb4 Ra2 28. h4 gxh4 29. Nh5 Rg8 30. Nxf6+ Bxf6 31. Qh5 Bg5 32. Ng4 Qd8 33. Bxg5 Qxg5 34. Qxg5 Rxg5 35. Nf6+ Kg7 36. Nxd7 f6 37. Nb8 Rg3 38. Re2 Rxc3 39. Nc6 Kf8 40. Kf1 Ke8 41. Rd2 Nd8 42. Bd1 Rxd2 43. Bh5+ Kd7 44. Rxc3 Nxc6 45. dxc6+ Kxc6 46. Be8+ Kb6 47. Bf7 Rb2 48. Rh3 Rxb4 49. Rxh4 Kc5 50. Rxh6 Kd4 51. Ke2 Rb2+ 52. Kd1 Kxe4 53. Rxf6 d5 54. Rd6 d4 55. f6 d3 56. Kc1 Rc2+ 57. Kb1 Ke3 58. Bg6 Rf2 59. f7 e4 60. Rd8 Kd2 61. f8Q Rxf8 62. Rxf8 e3 63. Bh5 c3 64. Rf1 e2 65. Bxe2 dxe2 66. Rh1 b4 67. g4 b3 68. g5 e1Q+ 69. Rxe1 Kxe1 70. Kc1 b2+ 71. Kc2 b1Q+ 72. Kxb1 Kd2 0-1

[Event "Komi-ch"]
[Site "Vorkuta"]
[Date "2013.02.20"]
[Round "5"]
[White "Isakov, Andrey"]
[Black "Litke, Vladimir Vladimirov"]
[Result "1/2-1/2"]
[WhiteElo "2278"]
[BlackElo "2265"]
[PlyCount "126"]
[EventDate "2013.02.16"]
[EventType "swiss"]
[EventRounds "9"]
[EventCountry "RUS"]
[SourceTitle "CBM 153 Extra"]
[Source "ChessBase"]
[SourceDate "2013.04.22"]
[SourceVersion "1"]
[SourceVersionDate "2013.04.22"]
[SourceQuality "1"]

1. e4 c5 2. Nf3 d6 3. d4 cxd4 4. Nxd4 Nf6 5. Nc3 a6 6. Bc4 e6 7. Bb3 b5 8. 0-0 Be7 9. Qf3 Qc7 10. Qg3 0-0 11. Bh6 Ne8 12. Rad1 Bd7 13. Nf3 Nc6 14. Ne2 Kh8 15. Bg5 Bxg5 16. Nxg5 h6 17. Nf3 a5 18. c3 a4 19. Bc2 a3 20. b3 Rc8 21. Bb1 e5 22. b4 Ne7 23. Nh4 Nf6 24. f4 Bg4 25. Nf3 Qb6+ 26. Rf2 Ng6 27. h3 Bxf3 28. Qxf3 exf4 29. Nxf4 Ne5 30. Qg3 Qc6 31. Ne2 Nxe4 32. Bxe4 Qxe4 33. Rxd6 Nc4 34. Rd7 Qe6 35. Qg4 Qxg4 36. hxg4 Ne5 37. Rd5 Rfe8 38. Rd4 f6 39. Kf1 Kh7 40. Rff4 Kg6 41. Rd5 Nc4 42. Kf2 Ne3 43. Rd3 Nc4 44. Nd4 Nb2 45. Rd2 Rxc3 46. Rf3 Rxf3+ 47. gxf3 Rd8 48. Ke2 Rd5 49. Nc2 Rxd2+ 50. Kxd2 Nc4+ 51. Ke2 Kg5 52. Nd4 Nb6 53. Nxb5 Nd5 54. Nxa3 Nxb4 55. Nb5 Nxa2 56. Nd4 Nc3+ 57. Kf2 Nd5 58. Kg3 Ne7 59. f4+ Kg6 60. f5+ Kf7 61. Kf4 g6 62. fxg6+ Kxg6 63. Nf3 h5 1/2-1/2

[Event "Komi-ch"]
[Site "Vorkuta"]
[Date "2013.02.19"]
[Round "4"]
[White "Isakov, Yakov"]
[Black "Isakov, Andrey"]
[Result "0-1"]
[WhiteElo "2170"]
[BlackElo "2278"]
[PlyCount "56"]
[EventDate "2013.02.16"]
[EventType "swiss"]
[EventRounds "9"]
[EventCountry "RUS"]
[SourceTitle "CBM 153 Extra"]
[Source "ChessBase"]
[SourceDate "2013.04.22"]
[SourceVersion "1"]
[SourceVersionDate "2013.04.22"]
[SourceQuality "1"]

1. e4 d6 2. d4 Nf6 3. Nc3 g6 4. f3 Bg7 5. Bg5 h6 6. Bh4 Nc6 7. Nge2 0-0 8. Qd2 e5 9. 0-0-0 Nxe4 10. Bxd8 Nxd2 11. Bxc7 Nxf1 12. Rhxf1 exd4 13. Nb5 Be6 14. Nexd4 Bxa2 15. b3 a6 16. Nxc6 axb5 17. Nb4 Rfe8 18. Rfe1 Rxe1 19. Rxe1 Bxb3 20. cxb3 Ra1+ 21. Kd2 Rxe1 22. Kxe1 Bc3+ 23. Ke2 Bxb4 24. Kd3 Kf8 25. Kd4 Ke7 26. Kd5 Bc5 27. g4 Kd7 28. Ba5 b4 0-1

[Event "Komi-ch"]
[Site "Vorkuta"]
[Date "2013.02.18"]
[Round "3"]
[White "Isakov, Andrey"]
[Black "Bratus, Petr P"]
[Result "1-0"]
[WhiteElo "2278"]
[BlackElo "2143"]
[PlyCount "51"]
[EventDate "2013.02.16"]
[EventType "swiss"]
[EventRounds "9"]
[EventCountry "RUS"]
[SourceTitle "CBM 153 Extra"]
[Source "ChessBase"]
[SourceDate "2013.04.22"]
[SourceVersion "1"]
[SourceVersionDate "2013.04.22"]
[SourceQuality "1"]

1. e4 e5 2. Nf3 Nf6 3. Nxe5 d6 4. Nf3 Nxe4 5. d4 d5 6. Bd3 Nc6 7. 0-0 Be7 8. Re1 Nf6 9. h3 0-0 10. c3 h6 11. Bf4 Be6 12. Nbd2 Bd6 13. Ne5 Nd7 14. Ng6 Bxf4 15. Nxf4 Re8 16. Nxe6 Rxe6 17. Rxe6 fxe6 18. Qg4 Qf6 19. Re1 Re8 20. Re3 Nf8 21. Nf3 a6 22. Qg3 Qe7 23. Nh4 Qd6 24. Qg4 Ne7 25. Rg3 g5 26. Qh5 1-0

[Event "Syktyvkar-ch"]
[Site "Syktyvkar"]
[Date "2012.10.30"]
[Round "6"]
[White "Isakov, Andrey"]
[Black "Kamasheva, Elvira"]
[Result "1-0"]
[WhiteElo "2245"]
[BlackElo "2008"]
[PlyCount "49"]
[EventDate "2012.10.17"]
[EventType "tourn"]
[EventRounds "9"]
[EventCountry "RUS"]
[SourceTitle "EXT 2014"]
[Source "ChessBase"]
[SourceDate "2013.11.20"]
[SourceVersion "1"]
[SourceVersionDate "2013.11.20"]
[SourceQuality "1"]

1. e4 c5 2. Nc3 Nc6 3. f4 e6 4. Nf3 d5 5. d3 Nf6 6. g3 dxe4 7. Nxe4 Nxe4 8. dxe4 Qxd1+ 9. Kxd1 e5 10. Nxe5 Nxe5 11. fxe5 Bg4+ 12. Be2 0-0-0+ 13. Bd2 Be6 14. c3 Be7 15. Kc2 h5 16. h4 Kc7 17. Be3 g6 18. b3 Rhe8 19. Rhf1 a6 20. Bc4 Bxc4 21. bxc4 Kd7 22. Rab1 Rb8 23. Rb6 Rf8 24. Bh6 Rh8 25. Bg7 1-0

[Event "Syktyvkar-ch"]
[Site "Syktyvkar"]
[Date "2012.10.23"]
[Round "4"]
[White "Isakov, Yakov"]
[Black "Isakov, Andrey"]
[Result "0-1"]
[WhiteElo "2149"]
[BlackElo "2245"]
[PlyCount "56"]
[EventDate "2012.10.17"]
[EventType "tourn"]
[EventRounds "9"]
[EventCountry "RUS"]
[SourceTitle "EXT 2014"]
[Source "ChessBase"]
[SourceDate "2013.11.20"]
[SourceVersion "1"]
[SourceVersionDate "2013.11.20"]
[SourceQuality "1"]

1. e4 d6 2. d4 Nf6 3. Nc3 g6 4. Nf3 Bg7 5. Bc4 0-0 6. 0-0 Nc6 7. Bg5 Nxe4 8. Nxe4 d5 9. Bd3 dxe4 10. Bxe4 Nxd4 11. c3 Nb5 12. Qe2 Nd6 13. Bd5 Bf6 14. Bxf6 exf6 15. Rad1 Re8 16. Qd2 Be6 17. b3 f5 18. c4 Qf6 19. c5 Ne4 20. Qb4 Rab8 21. Qa5 Bxd5 22. Rxd5 Qc6 23. Rfd1 b6 24. cxb6 axb6 25. Qa6 Nc3 26. Ne5 Rxe5 27. Rxe5 Nxd1 28. Qd3 Qc3 0-1

[Event "Ust Sysolskaya Ladya"]
[Site "Syktyvkar"]
[Date "2012.06.23"]
[Round "8"]
[White "Bratus, Petr P"]
[Black "Isakov, Andrey"]
[Result "1/2-1/2"]
[WhiteElo "2095"]
[BlackElo "2260"]
[PlyCount "43"]
[EventDate "2012.06.17"]
[EventType "tourn"]
[EventRounds "9"]
[EventCountry "RUS"]
[SourceTitle "EXT 2013"]
[Source "ChessBase"]
[SourceDate "2012.11.22"]
[SourceVersion "1"]
[SourceVersionDate "2012.11.22"]
[SourceQuality "1"]

1. d4 Nf6 2. c4 g6 3. Nc3 d5 4. Bf4 Bg7 5. Nf3 0-0 6. e3 c5 7. dxc5 Qa5 8. Nd2 dxc4 9. Bxc4 Qxc5 10. 0-0 Nc6 11. Rc1 Qb4 12. Qb3 Qxb3 13. Nxb3 Bd7 14. Rfd1 Rfd8 15. Nc5 Na5 16. Be2 b6 17. Nxd7 Rxd7 18. Rxd7 Nxd7 19. b4 Rc8 20. bxa5 Rxc3 21. Rxc3 Bxc3 22. axb6 1/2-1/2

[Event "Ust Sysolskaya Ladya"]
[Site "Syktyvkar"]
[Date "2012.06.23"]
[Round "9"]
[White "Isakov, Andrey"]
[Black "Zasypkin, Alexey"]
[Result "1-0"]
[WhiteElo "2260"]
[BlackElo "2221"]
[PlyCount "105"]
[EventDate "2012.06.17"]
[EventType "tourn"]
[EventRounds "9"]
[EventCountry "RUS"]
[SourceTitle "EXT 2013"]
[Source "ChessBase"]
[SourceDate "2012.11.22"]
[SourceVersion "1"]
[SourceVersionDate "2012.11.22"]
[SourceQuality "1"]

1. e4 c5 2. Nc3 e6 3. f4 a6 4. Nf3 b5 5. e5 d5 6. d4 cxd4 7. Nxd4 Bc5 8. Nb3 Ba7 9. Qg4 g6 10. h4 h5 11. Qf3 Nh6 12. Be3 Bxe3 13. Qxe3 Ng4 14. Qc5 Nd7 15. Qd4 Qb6 16. Bd3 Ne3 17. Kf2 Nf5 18. Bxf5 gxf5 19. Qxb6 Nxb6 20. Na5 Bd7 21. Ne2 Ke7 22. Rh3 Rac8 23. c3 Rhg8 24. Rg3 Rxg3 25. Nxg3 d4 26. cxd4 Rc2+ 27. Kf3 Rxb2 28. Nxh5 Rd2 29. Nf6 Rd3+ 30. Ke2 Rxd4 31. g3 Nd5 32. Nxd5+ Rxd5 33. Rd1 Rc5 34. Nb3 Rc2+ 35. Rd2 Rc8 36. Rd6 Rc2+ 37. Rd2 Rc8 38. Nd4 b4 39. Rc2 Bb5+ 40. Ke3 Rxc2 41. Nxc2 a5 42. Kd4 Bc6 43. Ne3 f6 44. Kc5 Be4 45. Nc4 fxe5 46. fxe5 Bb1 47. Nxa5 Bxa2 48. Nc6+ Kf7 49. Nxb4 Bb1 50. Kd6 f4 51. gxf4 Bf5 52. Nc6 Kg6 53. Ne7+ 1-0

[Event "Komi-ch"]
[Site "Syktyvkar"]
[Date "2012.02.16"]
[Round "6"]
[White "Isakov, Andrey"]
[Black "Beznosikov, Vladimir"]
[Result "1/2-1/2"]
[WhiteElo "2249"]
[BlackElo "2327"]
[PlyCount "22"]
[EventDate "2012.02.11"]
[EventType "swiss"]
[EventRounds "9"]
[EventCountry "RUS"]
[SourceTitle "EXT 2014"]
[Source "ChessBase"]
[SourceDate "2013.11.20"]
[SourceVersion "1"]
[SourceVersionDate "2013.11.20"]
[SourceQuality "1"]

1. e4 d5 2. exd5 Nf6 3. Nc3 Nxd5 4. Bc4 c6 5. Qf3 e6 6. Qg3 Qd6 7. Nge2 Nd7 8. Ne4 Qxg3 9. hxg3 N7f6 10. Nxf6+ Nxf6 11. d4 Bd7 1/2-1/2

[Event "Komi-ch"]
[Site "Syktyvkar"]
[Date "2012.02.13"]
[Round "3"]
[White "Kuratov, Vasily"]
[Black "Isakov, Andrey"]
[Result "1/2-1/2"]
[WhiteElo "2235"]
[BlackElo "2249"]
[PlyCount "83"]
[EventDate "2012.02.11"]
[EventType "swiss"]
[EventRounds "9"]
[EventCountry "RUS"]
[SourceTitle "EXT 2014"]
[Source "ChessBase"]
[SourceDate "2013.11.20"]
[SourceVersion "1"]
[SourceVersionDate "2013.11.20"]
[SourceQuality "1"]

1. e4 e5 2. Nf3 Nc6 3. Bb5 Bc5 4. c3 Nge7 5. 0-0 Bb6 6. d4 exd4 7. cxd4 d5 8. exd5 Nxd5 9. Re1+ Be6 10. Bg5 Qd6 11. Nbd2 0-0 12. Qa4 h6 13. Bh4 a6 14. Bxc6 Qxc6 15. Qxc6 bxc6 16. a3 Nf4 17. Bg3 Nd3 18. Reb1 Rad8 19. b4 f5 20. Be5 Nxe5 21. dxe5 Rd3 22. Kf1 Rfd8 23. Ke2 g5 24. Rb2 g4 25. Ne1 R3d5 26. Rc2 Rxe5+ 27. Kf1 Bd5 28. Rac1 f4 29. Nd3 Rf5 30. Nc5 a5 31. Nb7 Ra8 32. Nxa5 Bxa5 33. bxa5 Rxa5 34. Rc3 Ra4 35. f3 g3 36. hxg3 fxg3 37. Nc4 Rh5 38. Kg1 Rh2 39. Ne3 Rah4 40. Kf1 Rd4 41. Ke2 h5 42. Rg1 1/2-1/2

[Event "Komi-ch"]
[Site "Syktyvkar"]
[Date "2012.02.12"]
[Round "2"]
[White "Isakov, Andrey"]
[Black "Vasilev, Peter"]
[Result "1-0"]
[WhiteElo "2249"]
[BlackElo "1960"]
[PlyCount "85"]
[EventDate "2012.02.11"]
[EventType "swiss"]
[EventRounds "9"]
[EventCountry "RUS"]
[SourceTitle "EXT 2014"]
[Source "ChessBase"]
[SourceDate "2013.11.20"]
[SourceVersion "1"]
[SourceVersionDate "2013.11.20"]
[SourceQuality "1"]

1. e4 c5 2. Nf3 g6 3. d4 cxd4 4. Nxd4 Bg7 5. Nc3 Nc6 6. Be3 Nf6 7. Be2 0-0 8. 0-0 d5 9. exd5 Nxd5 10. Nxd5 Qxd5 11. Bf3 Qc4 12. Nxc6 bxc6 13. c3 Rb8 14. Qd2 a5 15. b3 Qxc3 16. Qxc3 Bxc3 17. Rac1 Bb4 18. Rfd1 Bb7 19. Bxc6 Bxc6 20. Rxc6 Rfd8 21. Rxd8+ Rxd8 22. Kf1 f5 23. Ke2 e5 24. Rc7 f4 25. Bc1 Bd6 26. Rc4 Rb8 27. Rc6 Bb4 28. Kd3 Kf7 29. Ke4 Rb5 30. f3 Be7 31. Rc4 Ke6 32. Bb2 Bb4 33. Rc6+ Bd6 34. Ba3 Rd5 35. Rxd6+ Rxd6 36. Bxd6 Kxd6 37. a3 g5 38. b4 a4 39. Kf5 h6 40. h3 Kd5 41. Kg6 e4 42. fxe4+ Kxe4 43. Kxh6 1-0